Geography starting with A - Statistics

General Stats
  • This quiz has been taken 52 times
  • The average score is 8 of 10
Answer Stats
Letters Clue Answer % Correct
4 Most populous continent Asia
100%
8 US State whose capital is Little Rock Arkansas
94%
6 City named after Greek goddess Athens
91%
9 Largest country in Oceania Australia
91%
5 Longest continental mountain range in the world Andes
85%
11 Country Soviet Union invaded in 1979 Afghanistan
83%
10 Caucasus country capital Baku Azerbaijan
79%
12 Capital of Madagascar Antananarivo
64%
7 Southern California city that is Disneylands home Anaheim
62%
13 Home of painter Cezanne Aix-en-Provence
13%
No matching quizzes found
Score Distribution
Percent of People with Each Score
Percentile by Number Answered
Your Score History
You have not taken this quiz